000 00663nam a2200253Ia 4500
003 OSt
005 20221006142520.0
006 a|||||r|||| 00| 0
007 ta
008 221006b |||||||| |||| 00| 0 eng d
020 _c
_6.50
024 _a6,504
037 _cTextual
040 _aEASL
_cEASL
_beng
041 _2eng
_aeng
082 _aY.494.N0, D1
100 _aHOSIE Alecander
_9647856
245 0 _aMAnchuria
_b Its people resources and recent hisotry
260 _aLondon
_bMethuen & C.
_c1901
300 _a293p.
_ccm.
490 _v Oth
942 _hY.494.N0, D1
_cTEXL
_2CC
999 _c1074590
_d1074590